000 00661nam a2200241Ia 4500
003 OSt
005 20220927105255.0
006 a|||||r|||| 00| 0
007 ta
008 220926b |||||||| |||| 00| 0 eng d
020 _a9780713682052
024 _a168535
037 _cReference Collections
040 _aRTL
_cRTL
_beng
041 _2eng
_aeng
082 _a"U287:(G:55), P6"
100 _abrown Paul
_9371388
245 0 _aGlobal warming
_b The last chance for change
260 _aLondon
_bDakini Books
_c2006
300 _a320p
_ccm.
942 _h"U287:(G:55), P6"
_cCC
999 _c691585
_d691585